000 01103nam a22003257a 4500
003 CHAP
005 20220329135656.0
008 971013s1978 r 00010 d
010 _a40376
011 _a41348
035 _a45474
040 _cCHAP
090 _aTesis
100 0 0 _aMoreno Velázquez, Francisco José.
_978721
245 _aEfecto de la administración oral del suero (gamma-globulinas) además de calostro en corderos recién nacidos
260 _aMéxico, D.F. :
_bEl autor,
_c1978
300 _a33 h.
_b; gráfs
502 _aTesis (Médico Veterinario Zootecnista) -- UNAM. Fac. de Medicina Veterinaria y Zootecnia
590 _aALEPH
_b10
_c20130110
_lUCH01
_h1309
590 _aBATCH-UPD
_b10
_c20130110
_lUCH01
_h1057
590 _aBATCH-UPD
_b10
_c20130410
_lUCH01
_h0651
590 _aBATCH-UPD
_b10
_c20130914
_lUCH01
_h0819
590 _aCONVERSION
_b10
_c20130109
_lUCH01
_h1322
650 1 4 _aCalostro.
_917582
650 1 4 _aGanado lanar
_xAlimentación.
_945153
650 1 4 _aSuero.
_9110585
901 _aBK
942 _cTESIS
949 _bBC
_cTES
_d-103838
_eTS1
_i45474
_si
999 _c40376
_d40376